| 000 | 00854nam a2200253 a 4500 | ||
|---|---|---|---|
| 003 | CBULib | ||
| 005 | 20240517083822.0 | ||
| 008 | 210301s2020 ||||||||||||||||| || u | ||
| 020 | _a9789211129939 | ||
| 040 |
_aCBULib _bEnglish _cCBULib _erda |
||
| 041 | _aeng | ||
| 050 | _aUNCTAD(058)RMT/2020 | ||
| 110 | _aUnited Nations Conference on Trade and Development (UNCTAD) | ||
| 245 | 1 | 0 |
_aReview of maritime transport : 2020 _c/ by United Nations Conference on Trade and Development (UNCTAD) |
| 260 |
_aGeneva : _bUnited Nations, _c2020 |
||
| 300 | _axvi, 146 pages : illustrations | ||
| 336 |
_2rdacontent _aText | _btxt |
||
| 337 |
_2rdamedia _aUnmediated | _bn |
||
| 338 |
_2rdacarrier _aVolume _bnc |
||
| 500 | _aIncludes References | ||
| 650 | _aSHIPPING--STATISTICS--PERIODICALS | ||
| 650 | _aMERCHANT MARITIME-STATISTICS | ||
| 942 |
_2mc _c029 |
||
| 999 |
_c80219 _d80219 |
||